Countries Through Which Tropic Of Cancer Passes - Statistics

General Stats
  • This quiz has been taken 19 times
  • The average score is 11 of 16
Answer Stats
Answer % Correct
INDIA
100%
Myanmar
94%
Mexico
88%
Algeria
81%
China
81%
Egypt
81%
Mauritania
81%
Mali
75%
Saudi Arabia
75%
Bangladesh
69%
Libya
69%
Taiwan
69%
Bahamas
56%
Niger
50%
United Arab Emirates
44%
Omen
0%
No matching quizzes found
Score Distribution
Percent of People with Each Score
Percentile by Number Answered
Your Score History
You have not taken this quiz